000 00520nam a2200217Ia 4500
003 OSt
005 20220924133426.0
006 a|||||r|||| 00| 0
007 ta
008 220923b |||||||| |||| 00| 0 snd d
024 _a265266
037 _cTextual
040 _aARTS
_cARTS
_bsnd
041 _2snd
_asnd
082 _aV:351, 1592L2
100 _aBharti
_9206443
245 0 _aSindhi lok sahitya
260 _c1972
942 _hV:351, 1592L2
_cTEXL
_2CC
999 _c433808
_d433808